[Event "AUT-chT 1920"]
[Site "Austria"]
[Date "2019.10.10"]
[Round "1.2"]
[White "Diermair, Andreas"]
[Black "Gstach, Jakob"]
[Result "1-0"]
[WhiteElo "2479"]
[BlackElo "2301"]
[PlyCount "71"]
[EventDate "2019.10.10"]
[EventType "team-tourn"]
[EventRounds "11"]
[EventCountry "AUT"]
[SourceTitle "EXT 2020"]
[Source "ChessBase"]
[SourceDate "2019.10.17"]
[SourceVersion "1"]
[SourceVersionDate "2019.10.17"]
[SourceQuality "1"]
[WhiteTeam "Raika Feffernitz"]
[BlackTeam "Wien Ottakring"]
[WhiteTeamCountry "AUT"]
[BlackTeamCountry "AUT"]

1. d4 Nf6 2. c4 g6 3. Nc3 Bg7 4. e4 d6 5. f3 0-0 6. Be3 c5 7. Nge2 Nc6 8. d5 Ne5 9. Ng3 h5 10. Be2 h4 11. Nf1 e6 12. Bg5 h3 13. Ne3 hxg2 14. Rg1 exd5 15. Nexd5 Be6 16. Qd2 Nc6 17. Rxg2 Nd4 18. 0-0-0 a6 19. Qe1 Bxd5 20. Nxd5 Ne6 21. Bh4 Nxd5 22. Bxd8 Ndf4 23. Bg5 Nxg5 24. Rxg5 Bh6 25. h4 f6 26. Rxg6+ Nxg6+ 27. Kb1 Rad8 28. Bf1 b6 29. Bh3 Nf4 30. Bg4 Kf7 31. Qe3 Rg8 32. Qb3 Rb8 33. Rxd6 Rgd8 34. Qd1 Rxd6 35. Qxd6 Rb7 36. e5 1-0

[Event "AUT-chT2O 1718"]
[Site "Austria"]
[Date "2017.10.22"]
[Round "2.3"]
[White "Exler, Veronika"]
[Black "Gstach, Jakob"]
[Result "0-1"]
[WhiteElo "2118"]
[BlackElo "2299"]
[PlyCount "84"]
[EventDate "2017.10.21"]
[EventType "team-tourn"]
[EventRounds "11"]
[EventCountry "AUT"]
[SourceTitle "CBM 181 Extra"]
[Source "ChessBase"]
[SourceDate "2017.12.12"]
[SourceVersion "1"]
[SourceVersionDate "2017.12.12"]
[SourceQuality "1"]
[WhiteTeam "Donaustadt"]
[BlackTeam "Ottakring II"]
[WhiteTeamCountry "AUT"]
[BlackTeamCountry "AUT"]

1. d4 g6 2. g3 Bg7 3. Bg2 d6 4. e4 Nf6 5. Ne2 0-0 6. 0-0 e5 7. Nbc3 c6 8. dxe5 dxe5 9. Qxd8 Rxd8 10. Bg5 h6 11. Rad1 Rxd1 12. Rxd1 Bd7 13. Be3 Na6 14. Nc1 Be6 15. f3 Bf8 16. Nb3 b6 17. a3 Nd7 18. Bf1 Nac5 19. Nxc5 Bxc5 20. Bxc5 Nxc5 21. b4 Nb7 22. Ba6 Rb8 23. a4 Kf8 24. f4 exf4 25. gxf4 Ke7 26. Bxb7 Rxb7 27. Ne2 c5 28. b5 a6 29. Nc3 axb5 30. Nxb5 Rd7 31. Rxd7+ Kxd7 32. Kf2 Kc6 33. Ke3 Kb7 34. h4 Ba2 35. Kd3 Ka6 36. Nd6 Ka5 37. c4 Kb4 38. e5 h5 39. f5 gxf5 40. Ke3 Bxc4 41. Nxf5 Be6 42. Ng3 Bg4 0-1

[Event "Vienna op-A"]
[Site "Vienna"]
[Date "2016.08.18"]
[Round "3"]
[White "Gstach, Jakob"]
[Black "Ratnakaran, Kantoli"]
[Result "0-1"]
[WhiteElo "2267"]
[BlackElo "2452"]
[PlyCount "52"]
[EventDate "2016.08.16"]
[EventType "swiss"]
[EventRounds "9"]
[EventCountry "AUT"]
[SourceTitle "CBM 173 Extra"]
[Source "ChessBase"]
[SourceDate "2016.08.29"]
[SourceVersion "1"]
[SourceVersionDate "2016.08.29"]
[SourceQuality "1"]

1. Nf3 Nf6 2. c4 c5 3. Nc3 g6 4. d4 Bg7 5. e4 cxd4 6. Nxd4 Nc6 7. Be3 0-0 8. f3 Qb6 9. Nf5 Qxb2 10. Na4 Qe5 11. Nxg7 d5 12. cxd5 Nxd5 13. Bh6 Rd8 14. Rc1 Nb6 15. Qb3 Nd4 16. Qb4 Qf6 17. h4 Qe5 18. Kf2 Nc6 19. Qb5 Qd4+ 20. Be3 Qxa4 21. Qg5 f6 22. Qg3 Kxg7 23. h5 Be6 24. Rc5 Rh8 25. e5 f5 26. Qg5 Kf7 0-1

[Event "Vienna State-ch"]
[Site "Vienna"]
[Date "2014.09.09"]
[Round "4"]
[White "Gstach, Jakob"]
[Black "Sadilek, Peter"]
[Result "1/2-1/2"]
[WhiteElo "2250"]
[BlackElo "2238"]
[PlyCount "104"]
[EventDate "2014.09.06"]
[EventType "tourn"]
[EventRounds "9"]
[EventCountry "AUT"]
[EventCategory "6"]
[SourceTitle "CBM 162 Extra"]
[Source "ChessBase"]
[SourceDate "2014.10.17"]
[SourceVersion "1"]
[SourceVersionDate "2014.10.17"]
[SourceQuality "1"]

1. d4 Nf6 2. c4 e6 3. Nc3 Bb4 4. f3 d5 5. a3 Bxc3+ 6. bxc3 c5 7. cxd5 exd5 8. e3 0-0 9. Bd3 b6 10. Ne2 Ba6 11. Bxa6 Nxa6 12. Qd3 Nc7 13. 0-0 Re8 14. Ng3 Qd7 15. Bb2 c4 16. Qd2 h5 17. Rae1 h4 18. Nh1 Re7 19. Nf2 Rae8 20. Re2 Nb5 21. a4 Nc7 22. Rfe1 Qf5 23. Bc1 b5 24. Ba3 Re6 25. a5 Nh5 26. e4 Qg6 27. e5 Qf5 28. Nh3 Rg6 29. Qc2 Qxh3 30. Qxg6 Nf4 31. Qc6 Nxe2+ 32. Rxe2 Qc8 33. Bd6 Ne6 34. Qxb5 Nf4 35. Rb2 Kh7 36. a6 Qe6 37. Qa4 Nd3 38. Rb1 Qh6 39. Qc2 Qe3+ 40. Kh1 h3 41. Rf1 Re6 42. g3 f5 43. Ba3 Rxa6 44. Bc1 Ra1 45. Bxe3 Rxf1+ 46. Bg1 Re1 47. g4 f4 48. g5 Kg6 49. e6 Rxe6 50. Qa4 Re1 51. Qc6+ Kh5 52. Qg6+ Kxg6 1/2-1/2

[Event "Wch U18"]
[Site "Al Ain"]
[Date "2013.12.23"]
[Round "10"]
[White "Horvath, David G"]
[Black "Gstach, Jakob"]
[Result "0-1"]
[WhiteElo "2351"]
[BlackElo "2227"]
[PlyCount "80"]
[EventDate "2013.12.18"]
[EventType "swiss"]
[EventRounds "11"]
[EventCountry "UAE"]
[SourceTitle "CBM 158 Extra"]
[Source "ChessBase"]
[SourceDate "2014.02.28"]
[SourceVersion "1"]
[SourceVersionDate "2014.02.28"]
[SourceQuality "1"]

1. c4 g6 2. d4 Nf6 3. Nc3 Bg7 4. e4 d6 5. Nge2 0-0 6. Ng3 a6 7. a4 Nc6 8. d5 Nb4 9. Be2 e6 10. 0-0 exd5 11. exd5 c5 12. Bf4 Ne8 13. Qd2 f5 14. Be3 Bd7 15. a5 Nf6 16. h3 Qc7 17. f4 Rae8 18. Bf2 h5 19. Bf3 h4 20. Nge2 Ne4 21. Bxe4 fxe4 22. Be3 Bf5 23. Rfc1 Nd3 24. Rc2 Nb4 25. Rcc1 Nd3 26. Rc2 Bf6 27. Na2 Rb8 28. Rb1 b6 29. axb6 Rxb6 30. Qa5 Qb7 31. Nec1 Nxb2 32. Nc3 Nxc4 33. Rxb6 Qxb6 34. Qxb6 Nxb6 35. N1e2 Nc4 36. Kf2 Rb8 37. Ra2 Rb2 38. Rxb2 Nxb2 39. Ke1 Nc4 40. Kf2 Kf7 0-1

[Event "Wch U18"]
[Site "Al Ain"]
[Date "2013.12.21"]
[Round "4"]
[White "Gstach, Jakob"]
[Black "Pon, Matt"]
[Result "1/2-1/2"]
[WhiteElo "2227"]
[BlackElo "2006"]
[PlyCount "104"]
[EventDate "2013.12.18"]
[EventType "swiss"]
[EventRounds "11"]
[EventCountry "UAE"]
[SourceTitle "CBM 158 Extra"]
[Source "ChessBase"]
[SourceDate "2014.02.28"]
[SourceVersion "1"]
[SourceVersionDate "2014.02.28"]
[SourceQuality "1"]

1. d4 Nf6 2. c4 e6 3. Nc3 Bb4 4. Qc2 b6 5. e4 Bxc3+ 6. bxc3 d5 7. e5 Nfd7 8. cxd5 exd5 9. Nf3 c5 10. Bd3 Nf8 11. h3 h6 12. 0-0 Ne6 13. Ba3 Bd7 14. Rad1 Nc6 15. Bf5 c4 16. Qd2 Nc7 17. Bc2 Nb5 18. Bc1 Qe7 19. Ba4 Nc7 20. Qb2 b5 21. Bc2 a5 22. Nd2 0-0-0 23. a4 b4 24. Nxc4 dxc4 25. d5 b3 26. dxc6 Bxc6 27. Bf5+ Kb7 28. Qe2 Rxd1 29. Rxd1 Rd8 30. Rxd8 Qxd8 31. Ba3 g6 32. Bb1 Qd5 33. f3 Ne6 34. Be4 Qd7 35. Qxc4 Qd1+ 36. Kh2 Bxe4 37. Qxe4+ Kb6 38. Qc4 Ng5 39. Qb5+ Kc7 40. Bd6+ Kd8 41. Qxa5+ Kd7 42. c4 Ke6 43. Qc3 Qc2 44. Bb4 Qxc3 45. Bxc3 Kd7 46. Kg3 Ne6 47. a5 Nc5 48. Kf4 Na4 49. Bd4 b2 50. Bxb2 Nxb2 51. Ke4 Nxc4 52. a6 Nb6 1/2-1/2

[Event "Wch U18"]
[Site "Al Ain"]
[Date "2013.12.18"]
[Round "1"]
[White "Vaibhav, Suri"]
[Black "Gstach, Jakob"]
[Result "1-0"]
[WhiteElo "2544"]
[BlackElo "2227"]
[PlyCount "77"]
[EventDate "2013.12.18"]
[EventType "swiss"]
[EventRounds "11"]
[EventCountry "UAE"]
[SourceTitle "CBM 158 Extra"]
[Source "ChessBase"]
[SourceDate "2014.02.28"]
[SourceVersion "1"]
[SourceVersionDate "2014.02.28"]
[SourceQuality "1"]

1. e4 e5 2. Nf3 Nc6 3. Bb5 Nf6 4. d3 Bc5 5. Bxc6 dxc6 6. Qe2 Qe7 7. Nbd2 0-0 8. Nc4 Bd6 9. Bd2 Bg4 10. Ne3 Bxf3 11. Qxf3 Rfd8 12. 0-0-0 a5 13. Kb1 Bb4 14. Nf5 Qe6 15. Bg5 Be7 16. Qg3 Bf8 17. Nh6+ Kh8 18. Qxe5 Re8 19. Qxe6 Rxe6 20. Nf5 Nd7 21. Bf4 Bd6 22. Bg3 Kg8 23. f3 g6 24. Ne3 c5 25. Nd5 c6 26. Nc7 Bxc7 27. Bxc7 a4 28. d4 Rc8 29. Bg3 cxd4 30. Rxd4 Nb6 31. Rhd1 f5 32. Bf2 Kf7 33. b3 axb3 34. axb3 fxe4 35. fxe4 c5 36. Rd8 Rc7 37. Bg3 Rce7 38. Bd6 Re8 39. Bxc5 1-0

[Event "AUT-chT2O 1314"]
[Site "Austria"]
[Date "2013.10.05"]
[Round "1.5"]
[White "Batyte, Daiva"]
[Black "Gstach, Jakob"]
[Result "1/2-1/2"]
[WhiteElo "2135"]
[BlackElo "2209"]
[PlyCount "111"]
[EventDate "2013.10.05"]
[EventType "team-tourn"]
[EventRounds "11"]
[EventCountry "AUT"]
[SourceTitle "CBM 156 Extra"]
[Source "ChessBase"]
[SourceDate "2013.10.22"]
[SourceVersion "1"]
[SourceVersionDate "2013.10.22"]
[SourceQuality "1"]
[WhiteTeam "Nickelsdorf"]
[BlackTeam "Hietzing/Ottakring"]
[WhiteTeamCountry "AUT"]
[BlackTeamCountry "AUT"]

1. c4 b6 2. Nc3 c5 3. b3 g6 4. Bb2 Bg7 5. Nf3 Bb7 6. e3 Nf6 7. d4 cxd4 8. exd4 0-0 9. Be2 d5 10. 0-0 dxc4 11. bxc4 Nc6 12. d5 Na5 13. Rc1 Ne4 14. Nd4 Nd6 15. Na4 Ndxc4 16. Bxc4 Nxc4 17. Nc6 Bxc6 18. Bxg7 Bxa4 19. Qxa4 Kxg7 20. Qxc4 Rc8 21. Qe4 Qd7 22. h4 h5 23. Rfe1 Rxc1 24. Rxc1 Rd8 25. Qe5+ f6 26. Qe3 Qb7 27. Re1 Rd7 28. Qe4 a5 29. Rd1 Rd6 30. Rd3 e5 31. a4 Qc8 32. Rg3 Qe8 33. f4 f5 34. Qxf5 exf4 35. Qxf4 Rxd5 36. Qc7+ Qf7 37. Qxb6 Rf5 38. Qd4+ Kh7 39. Rg5 Rf1+ 40. Kh2 Rf4 41. Qe3 Rxh4+ 42. Kg3 Rxa4 43. Re5 Qc7 44. Kh3 Ra3 45. Rxh5+ gxh5 46. Qxa3 Qe5 47. Qd3+ Kg7 48. g4 hxg4+ 49. Kxg4 Qc5 50. Kf3 Qe5 51. Qd7+ Kf6 52. Qd8+ Kg6 53. Qg8+ Kf6 54. Qh8+ Ke6 55. Qxe5+ Kxe5 56. Ke3 1/2-1/2

[Event "Vienna op 18th"]
[Site "Vienna"]
[Date "2013.08.18"]
[Round "2"]
[White "Froewis, Georg"]
[Black "Gstach, Jakob"]
[Result "1/2-1/2"]
[WhiteElo "2432"]
[BlackElo "2195"]
[PlyCount "73"]
[EventDate "2013.08.17"]
[EventType "swiss"]
[EventRounds "9"]
[EventCountry "AUT"]
[SourceTitle "CBM 156 Extra"]
[Source "ChessBase"]
[SourceDate "2013.10.22"]
[SourceVersion "1"]
[SourceVersionDate "2013.10.22"]
[SourceQuality "1"]

1. g3 g6 2. Bg2 Bg7 3. d4 Nf6 4. e4 d6 5. Ne2 0-0 6. 0-0 e5 7. h3 Re8 8. Nbc3 c6 9. a4 exd4 10. Nxd4 Nbd7 11. Re1 Nc5 12. Kh2 a5 13. Bf4 Nh5 14. Be3 Nf6 15. f3 h5 16. Bg5 Ng4+ 17. fxg4 Qxg5 18. Nf3 Qe7 19. gxh5 gxh5 20. Nh4 Qg5 21. Nf3 Qh6 22. Nh4 Be5 23. Nf3 h4 24. Nxe5 hxg3+ 25. Kxg3 dxe5 26. Qc1 Qh5 27. Kh2 Ne6 28. Re3 Nf4 29. Rg3+ Kh7 30. Qe3 Be6 31. Rg1 Rg8 32. Bf3 Qh6 33. Bg4 Bxg4 34. Rxg4 Rxg4 35. Rxg4 Rg8 36. Rxg8 Kxg8 37. Ne2 1/2-1/2

[Event "AUT-ch"]
[Site "Feldkirch"]
[Date "2013.07.26"]
[Round "7"]
[White "Gstach, Jakob"]
[Black "Kessler, Luca"]
[Result "1-0"]
[WhiteElo "2140"]
[BlackElo "2280"]
[PlyCount "79"]
[EventDate "2013.07.20"]
[EventType "swiss"]
[EventRounds "9"]
[EventCountry "AUT"]
[SourceTitle "CBM 155 Extra"]
[Source "ChessBase"]
[SourceDate "2013.08.26"]
[SourceVersion "1"]
[SourceVersionDate "2013.08.26"]
[SourceQuality "1"]

1. c4 e6 2. g3 f5 3. Bg2 Nf6 4. Nc3 c6 5. d4 d5 6. Nf3 Bd6 7. Qc2 0-0 8. Ne5 Bxe5 9. dxe5 Ng4 10. cxd5 exd5 11. b3 Nxe5 12. Bb2 Be6 13. 0-0 Nbd7 14. e3 Ng4 15. Ne2 Qg5 16. Nf4 Rae8 17. Bd4 a6 18. b4 Qh6 19. h3 Nge5 20. a4 Bf7 21. b5 g5 22. Nd3 Nxd3 23. Qxd3 f4 24. bxc6 bxc6 25. exf4 gxf4 26. Rae1 c5 27. Bb2 Qg6 28. Qd2 fxg3 29. fxg3 d4 30. Qf4 Bc4 31. Rxe8 Rxe8 32. Rc1 Be6 33. Ba3 Rc8 34. Qd6 Bf5 35. Bd5+ Kh8 36. Rxc5 Rxc5 37. Bxc5 Qxd6 38. Bxd6 Bxh3 39. Bc4 a5 40. Bc7 1-0

[Event "Styrian op-A"]
[Site "Bad Gleichenberg"]
[Date "2013.07.13"]
[Round "8"]
[White "Gstach, Jakob"]
[Black "Vatter, Hans Joachim"]
[Result "1-0"]
[WhiteElo "2140"]
[BlackElo "2301"]
[PlyCount "59"]
[EventDate "2013.07.06"]
[EventType "swiss"]
[EventRounds "9"]
[EventCountry "AUT"]
[SourceTitle "CBM 155 Extra"]
[Source "ChessBase"]
[SourceDate "2013.08.26"]
[SourceVersion "1"]
[SourceVersionDate "2013.08.26"]
[SourceQuality "1"]

1. c4 g6 2. g3 Bg7 3. Bg2 d6 4. Nc3 Nd7 5. e4 e5 6. Nge2 Ne7 7. 0-0 0-0 8. d3 f5 9. Be3 fxe4 10. dxe4 Nc5 11. Rc1 Ne6 12. b4 c5 13. Nd5 b6 14. a3 h6 15. Nec3 Nd4 16. Nxe7+ Qxe7 17. Nd5 Qd8 18. Bxd4 exd4 19. f4 Be6 20. Qd3 Qd7 21. f5 Bxd5 22. exd5 Rxf5 23. Be4 Rxf1+ 24. Rxf1 Rf8 25. Rxf8+ Kxf8 26. bxc5 bxc5 27. Bxg6 Qg4 28. Qf1+ Ke7 29. Qf7+ Kd8 30. Qg8+ 1-0